| 000 | 01042cam a22002651 4500 | ||
|---|---|---|---|
| 001 | sd 48000050 | ||
| 003 | DLC | ||
| 005 | 20260227112735.0 | ||
| 008 | 840619s1948 dcu f000 0 eng c | ||
| 010 | _asd 48000050 | ||
| 035 | _a(OCoLC)10861634 | ||
| 040 |
_aU.S. Dept. of State. Library _cNRU _dNRU _dDLC |
||
| 042 | _apremarc | ||
| 050 | 0 | 0 |
_aJX1706.Z6 _bA5 1948 |
| 082 | _a351.3 | ||
| 110 | 1 |
_aUnited States. _bDepartment of State. |
|
| 245 | 1 | 4 |
_aThe Foreign Service of the United States; _beducational preparation for foreign service officers and entrance examinations. |
| 260 |
_aWashington, _bU.S. Govt. Print. Off., _c1948. |
||
| 300 |
_aiii, 81 p. _c24 cm. |
||
| 490 | 1 |
_aIts Publications _v2991. _aDepartment and foreign service series, _v1 |
|
| 650 | 0 | _aDiplomatic and consular service, American. | |
| 650 | 0 |
_aCivil service _zUnited States _xExaminations. |
|
| 810 | 1 |
_aUnited States. _bDepartment of State. _tPublication ; _v2991. |
|
| 810 | 1 |
_aUnited States. _bDepartment of State. _tDepartment and Foreign Service series ; _v1. |
|
| 999 |
_c89987 _d89987 |
||